Top 20 państw z najwyższym ilorazem inteligencji dla GeoMex'a - Statystyki

Ogólne statystyki
  • Ten quiz został rozwiązany 43 razy
  • Średni wynik to 10 z 20
Statystyki odpowiedzi
Hint Odpowiedź % Poprawnych
99,90 Stany Zjednoczone
95%
108,10 Japonia
93%
106,59 Chiny
88%
101,06 Niemcy
86%
99,95 Rosja
74%
101,96 Australia
67%
100,74 Szwajcaria
64%
104,75 Singapur
57%
99,83 Finlandia
55%
100,33 Austria
52%
100,03 Belgia
52%
101,14 Wietnam
45%
101,05 Słowenia
33%
102,50 Mongolia
31%
99,74 Serbia
24%
100,21 Bułgaria
21%
106,52 Iran
21%
99,74 Nepal
12%
100,47 Sri Lanka
10%
107,00 Południowa Korea
2%
Nie znaleziono quizów pasujących do podanych kryteriów
Rozkład punktacji
Procent ludzi z każdym wynikiem
Percentyl według liczby udzielonych odpowiedzi
Twoja historia wyników
Nie rozwiązałeś tego quizu